000 00208nam a22000857a 4500
008 170117b xxu||||| |||| 00| 0 eng d
100 _92454
_aSharma.N.K
245 _aScience lab-VIII
260 _aNew Delhi
_bLP
_c2010
999 _c5513
_d5513